000
00345pam a2200157a 44500
008
230515b1984 xxu||||| |||| 00| 0 eng d
020
_a
NULL
041
_a
ENGL
082
_a
620.106 KUM
100
_a
KUMAR K.L
245
_a
ENGINEERING FLUID MECHANICS
250
_a
3
260
_a
NULL
_b
EURAS
_c
1984
300
_a
775PB
650
_a
NULL
999
_c
615834
_d
615834